[Event "Moscow op (Women)"]
[Site "Moscow"]
[Date "2009.01.31"]
[Round "1"]
[White "Derbentseva, Irina"]
[Black "Romanenko, Ksenia"]
[Result "1-0"]
[WhiteElo "2080"]
[BlackElo "1400"]
[PlyCount "87"]
[EventDate "2009.01.31"]
[EventType "swiss"]
[EventRounds "9"]
[EventCountry "RUS"]
[SourceTitle "EXT 2012"]
[Source "ChessBase"]
[SourceDate "2011.11.24"]
[SourceVersion "1"]
[SourceVersionDate "2011.11.24"]
[SourceQuality "1"]

1. e4 e5 2. Nf3 Nc6 3. Bb5 a6 4. Ba4 Nf6 5. 0-0 b5 6. Bb3 Be7 7. Re1 d6 8. c3 Na5 9. Bc2 c5 10. d4 cxd4 11. cxd4 Nc6 12. d5 Nb8 13. a4 Bd7 14. axb5 Bxb5 15. Nc3 Bd7 16. b4 Qc8 17. Na4 Qb7 18. Bd3 0-0 19. Bd2 Bb5 20. Qe2 Bxd3 21. Qxd3 Nbd7 22. h3 Rfc8 23. Reb1 Bd8 24. Ne1 Nb6 25. Nxb6 Bxb6 26. Nc2 Ne8 27. Ne3 Qa7 28. Kh2 Bd4 29. Ra5 Nc7 30. b5 Bb6 31. Ra2 a5 32. Nc4 Ne8 33. Nxb6 Qxb6 34. Be3 Qb7 35. b6 Nf6 36. Rb5 a4 37. Rb4 Nd7 38. Raxa4 Rxa4 39. Rxa4 Nc5 40. Bxc5 dxc5 41. Qb5 Ra8 42. Rxa8+ Qxa8 43. b7 Qb8 44. Qc6 1-0

[Event "Kostroma Volga Cup op"]
[Site "Kostroma"]
[Date "2008.07.??"]
[Round "8"]
[White "Sokolov, Igor"]
[Black "Derbentseva, Irina"]
[Result "1/2-1/2"]
[WhiteElo "2281"]
[BlackElo "2053"]
[PlyCount "74"]
[EventDate "2008.07.??"]
[EventType "swiss"]
[EventRounds "9"]
[EventCountry "RUS"]
[SourceTitle "EXT 2009"]
[Source "ChessBase"]
[SourceDate "2008.11.26"]
[SourceVersion "1"]
[SourceVersionDate "2008.11.26"]
[SourceQuality "1"]

1. d4 Nf6 2. c4 e6 3. Nf3 b6 4. a3 Ba6 5. Qc2 d5 6. cxd5 exd5 7. Nc3 Be7 8. g3 0-0 9. Bg2 c5 10. 0-0 Nc6 11. Rd1 cxd4 12. Nxd4 Nxd4 13. Rxd4 Bc5 14. Rd1 Rc8 15. Bh3 Rc7 16. Bf4 Bd6 17. Bxd6 Qxd6 18. Qa4 Bb7 19. Rd4 Qe5 20. Rad1 Bc6 21. Qb4 g6 22. e3 Re8 23. Bg2 Rd7 24. Rf4 Nh5 25. Rh4 f5 26. Qd4 Nf6 27. Qxe5 Rxe5 28. Rhd4 Kf7 29. R4d2 Ke7 30. Ne2 Ne4 31. Bxe4 dxe4 32. Nd4 Bd5 33. Rc1 Kf7 34. Rdc2 Bb7 35. Rc7 Rxc7 36. Rxc7+ Re7 37. Rc3 Rd7 1/2-1/2

[Event "Moscow op-B 04th"]
[Site "Moscow"]
[Date "2008.02.09"]
[Round "8"]
[White "Tantsov, Peter"]
[Black "Derbentseva, Irina"]
[Result "0-1"]
[WhiteElo "1708"]
[BlackElo "2073"]
[PlyCount "132"]
[EventDate "2008.02.02"]
[EventType "swiss"]
[EventRounds "9"]
[EventCountry "RUS"]
[SourceTitle "CBM 122 Extra"]
[Source "ChessBase"]
[SourceDate "2008.03.04"]
[SourceVersion "1"]
[SourceVersionDate "2008.03.04"]
[SourceQuality "1"]

1. d4 Nf6 2. c4 e6 3. Nc3 Bb4 4. Bg5 c5 5. a3 Bxc3+ 6. bxc3 Qa5 7. Bd2 Nc6 8. Nf3 Qc7 9. e3 d6 10. Bd3 b6 11. 0-0 0-0 12. Qc2 Na5 13. Ng5 h6 14. Ne4 Nxe4 15. Bxe4 Rb8 16. Bd3 Ba6 17. f4 Bxc4 18. Bxc4 Nxc4 19. Rf3 f5 20. Bc1 d5 21. Qe2 Nd6 22. Bb2 cxd4 23. cxd4 Rbc8 24. Rc1 Qd7 25. Rff1 Qb5 26. Qxb5 Nxb5 27. a4 Nd6 28. Ba3 Rfd8 29. Bxd6 Rxc1 30. Rxc1 Rxd6 31. Rc7 a6 32. Ra7 a5 33. Rc7 Kf8 34. h4 Kg8 35. h5 Kf8 36. Kf2 b5 37. Ra7 bxa4 38. Rxa5 Rb6 39. Rxa4 Rb1 40. Ra8+ Kf7 41. Kf3 Rh1 42. Kg3 Kf6 43. Rf8+ Ke7 44. Rg8 Kf7 45. Ra8 Rxh5 46. Rb8 Rh1 47. Rh8 Rc1 48. Kf3 Rc3 49. Rb8 Rc7 50. Rh8 Re7 51. Rb8 Ra7 52. Rh8 Ke7 53. Rg8 Kf6 54. Rf8+ Rf7 55. Re8 g5 56. fxg5+ hxg5 57. g4 Rh7 58. gxf5 Kxf5 59. Rf8+ Kg6 60. Rg8+ Kf6 61. Kg4 Rh4+ 62. Kg3 Kf5 63. Rf8+ Ke4 64. Rf6 Kxe3 65. Rxe6+ Kxd4 66. Rg6 Rh1 0-1

[Event "Bykova Memorial-C (Women)"]
[Site "Vladimir"]
[Date "2005.12.17"]
[Round "10"]
[White "Golubenko, Valentina"]
[Black "Derbentseva, Irina"]
[Result "1/2-1/2"]
[WhiteElo "2148"]
[BlackElo "2084"]
[PlyCount "139"]
[EventDate "2005.12.07"]
[EventType "tourn"]
[EventRounds "11"]
[EventCountry "RUS"]
[SourceTitle "CBM 109 Extra"]
[Source "ChessBase"]
[SourceDate "2006.01.03"]
[SourceVersion "2"]
[SourceVersionDate "2006.01.03"]
[SourceQuality "1"]

1. d4 Nf6 2. c4 e6 3. Nf3 b6 4. a3 Bb7 5. Nc3 c5 6. d5 exd5 7. cxd5 d6 8. e4 Nbd7 9. Be2 Be7 10. 0-0 0-0 11. Nd2 a6 12. a4 Ne8 13. Bd3 Bf6 14. f4 g6 15. Nf3 Nc7 16. Qe1 Re8 17. Qg3 Bg7 18. Qh3 Nf6 19. Bd2 Qd7 20. Qg3 b5 21. axb5 axb5 22. Rxa8 Rxa8 23. f5 Re8 24. Ng5 b4 25. Nd1 Ba6 26. Bxa6 Nxa6 27. fxg6 fxg6 28. Nf2 Nc7 29. Qd3 Rf8 30. Be3 Ng4 31. Nxg4 Qxg4 32. Rxf8+ Bxf8 33. Qf1 Qd7 34. b3 Bg7 35. h4 h6 36. Nf3 Qe7 37. Qc4 Ne8 38. Bxc5 Nf6 39. e5 dxc5 40. d6+ Qf7 41. d7 Nxd7 42. e6 Qe7 43. exd7+ Kh7 44. Qd3 Bd4+ 45. Kf1 Qxd7 46. h5 Qf5 47. Qxf5 gxf5 48. Nxd4 cxd4 49. Ke2 Kg7 50. Kd3 Kf6 51. Kxd4 Kg5 52. Kc4 Kg4 53. Kxb4 Kg3 54. Kc3 f4 55. b4 Kxg2 56. b5 f3 57. b6 f2 58. b7 f1Q 59. b8Q Qc1+ 60. Kd3 Qd1+ 61. Ke3 Qf3+ 62. Kd2 Qd5+ 63. Ke3 Qc5+ 64. Ke4 Qxh5 65. Qb2+ Kf1 66. Qc1+ Kf2 67. Qd2+ Qe2+ 68. Qxe2+ Kxe2 69. Kf4 Kf2 70. Kg4 1/2-1/2

[Event "Bykova Memorial-C (Women)"]
[Site "Vladimir"]
[Date "2005.12.13"]
[Round "7"]
[White "Derbentseva, Irina"]
[Black "Airapetian, Tatevik"]
[Result "0-1"]
[WhiteElo "2084"]
[BlackElo "2126"]
[PlyCount "188"]
[EventDate "2005.12.07"]
[EventType "tourn"]
[EventRounds "11"]
[EventCountry "RUS"]
[SourceTitle "CBM 109 Extra"]
[Source "ChessBase"]
[SourceDate "2006.01.03"]
[SourceVersion "2"]
[SourceVersionDate "2006.01.03"]
[SourceQuality "1"]

1. e4 c5 2. Nf3 d6 3. d4 cxd4 4. Nxd4 Nf6 5. Nc3 a6 6. Be2 e6 7. 0-0 Be7 8. f4 0-0 9. Kh1 Qc7 10. Qe1 b5 11. Bf3 Bb7 12. e5 Nfd7 13. exd6 Bxd6 14. Ndxb5 axb5 15. Nxb5 Qb6 16. Bxb7 Qxb7 17. Nxd6 Qc6 18. Ne4 Qxc2 19. Bd2 Ra4 20. Ng5 h6 21. Nf3 Qxb2 22. Bc3 Qc2 23. Nd4 Qg6 24. f5 exf5 25. Nxf5 Kh7 26. Bxg7 Rg8 27. Qc3 Re4 28. g3 Rxg7 29. Nxg7 Re5 30. Qc4 Kxg7 31. Rf4 Qc6+ 32. Qxc6 Nxc6 33. Raf1 f6 34. Rd1 Ncb8 35. a4 Ra5 36. Rb1 Nc6 37. Rb5 Ra8 38. Rb1 Nce5 39. Rb5 Nc6 40. Rd5 Nce5 41. a5 Kf7 42. Rh4 Ke6 43. Rb5 Nc6 44. Rxh6 Nxa5 45. Rh4 Nc6 46. Rf4 Nce5 47. Kg2 Nd3 48. Re4+ N7e5 49. Re2 Kf5 50. h3 Ra1 51. Rd2 Kg6 52. Rb3 Nc5 53. Rbb2 Ra8 54. Rb5 Ne4 55. Re2 Ra4 56. Rd5 Kf5 57. Rd1 Ke6 58. Rde1 Nc3 59. Rc2 Nd5 60. Rf2 Ra3 61. Rfe2 Kf5 62. Rf2+ Kg6 63. Rfe2 Nd3 64. Rd1 N5f4+ 65. gxf4 Nxf4+ 66. Kf1 Nxe2 67. Kxe2 Rxh3 68. Rg1+ Kf5 69. Rf1+ Ke5 70. Ra1 Rb3 71. Ra5+ Kf4 72. Ra4+ Kg5 73. Ra8 f5 74. Rg8+ Kf4 75. Rg7 Rb2+ 76. Ke1 Kf3 77. Rf7 f4 78. Rf8 Rb1+ 79. Kd2 Ra1 80. Rf7 Rf1 81. Rf8 Kg2 82. Rg8+ Kf2 83. Rf8 f3 84. Rg8 Ra1 85. Rg7 Ra8 86. Rd7 Re8 87. Rf7 Rd8+ 88. Kc2 Ke2 89. Re7+ Kf1 90. Rf7 f2 91. Rf6 Rd5 92. Rf8 Rg5 93. Kd2 Kg2 94. Ke2 Re5+ 0-1

[Event "Bykova Memorial-C (Women)"]
[Site "Vladimir"]
[Date "2005.12.07"]
[Round "1"]
[White "Savina, Anastasia"]
[Black "Derbentseva, Irina"]
[Result "1-0"]
[WhiteElo "2045"]
[BlackElo "2084"]
[PlyCount "47"]
[EventDate "2005.12.07"]
[EventType "tourn"]
[EventRounds "11"]
[EventCountry "RUS"]
[SourceTitle "CBM 109 Extra"]
[Source "ChessBase"]
[SourceDate "2006.01.03"]
[SourceVersion "2"]
[SourceVersionDate "2006.01.03"]
[SourceQuality "1"]

1. d4 Nf6 2. c4 e6 3. Nf3 b6 4. a3 Ba6 5. Qc2 c5 6. d5 exd5 7. cxd5 Bb7 8. e4 Qe7 9. Nc3 Nxd5 10. Nb5 d6 11. Bg5 Nf6 12. 0-0-0 Qd7 13. e5 Ne4 14. exd6 Nxg5 15. Nc7+ Kd8 16. Nxg5 Nc6 17. Bc4 Ne5 18. Rhe1 Bxd6 19. Nb5 Nxc4 20. Qxc4 Kc8 21. Nxd6+ Kb8 22. Ndxf7 Qf5 23. Nxh8 Qxg5+ 24. f4 1-0

[Event "RUS-ch U16 Girls"]
[Site "Dagomys"]
[Date "2004.04.??"]
[Round "9"]
[White "Figura, Ludmila"]
[Black "Derbentseva, Irina"]
[Result "1/2-1/2"]
[WhiteElo "2191"]
[BlackElo "2066"]
[PlyCount "49"]
[EventDate "2004.04.??"]
[EventType "swiss"]
[EventRounds "10"]
[EventCountry "RUS"]
[SourceTitle "EXT 2005"]
[Source "ChessBase"]
[SourceDate "2004.11.15"]
[SourceVersion "1"]
[SourceVersionDate "2004.11.15"]
[SourceQuality "1"]

1. d4 Nf6 2. Nf3 e6 3. c4 b6 4. a3 Bb7 5. Bg5 Be7 6. Nc3 d6 7. Qc2 Nbd7 8. e3 h6 9. Bh4 a6 10. h3 Nh5 11. Bxe7 Qxe7 12. Bd3 Nhf6 13. b4 c5 14. bxc5 bxc5 15. Rb1 Rb8 16. 0-0 0-0 17. Rb2 Bxf3 18. gxf3 Rxb2 19. Qxb2 Rb8 20. Qc2 cxd4 21. exd4 Nh5 22. Ne2 Qh4 23. Kg2 Nf4+ 24. Nxf4 Qxf4 25. Rd1 1/2-1/2

[Event "RUS Cup (Women)"]
[Site "Kazan"]
[Date "2003.??.??"]
[Round "5"]
[White "Derbentseva, Irina"]
[Black "Shuvatkina, Tatyana V"]
[Result "1/2-1/2"]
[WhiteElo "2049"]
[BlackElo "2161"]
[PlyCount "68"]
[EventDate "2003.??.??"]
[EventType "swiss"]
[EventRounds "9"]
[EventCountry "RUS"]
[SourceTitle "EXT 2005"]
[Source "ChessBase"]
[SourceDate "2004.11.15"]
[SourceVersion "1"]
[SourceVersionDate "2004.11.15"]
[SourceQuality "1"]

1. e4 c6 2. d4 d5 3. Nd2 dxe4 4. Nxe4 Bf5 5. Ng3 Bg6 6. h4 h6 7. Nf3 Nd7 8. h5 Bh7 9. Bd3 Bxd3 10. Qxd3 Qc7 11. Bd2 Ngf6 12. 0-0-0 e6 13. Qe2 0-0-0 14. Ne5 Nxe5 15. dxe5 Nd5 16. f4 Be7 17. Kb1 Qb6 18. Qf3 Rd7 19. c4 Nb4 20. Bxb4 Qxb4 21. Rxd7 Kxd7 22. Rc1 Rd8 23. Ne4 c5 24. Rd1+ Kc7 25. Rxd8 Kxd8 26. Qd3+ Kc7 27. Nd6 Qe1+ 28. Kc2 Qf2+ 29. Kb3 Qxg2 30. Nb5+ Kc8 31. Nxa7+ Kc7 32. Nb5+ Kc6 33. Na7+ Kc7 34. Nb5+ Kc6 1/2-1/2

[Event "RUS Cup (Women)"]
[Site "Kazan"]
[Date "2003.??.??"]
[Round "4"]
[White "Sukhareva, Maria Aleksandrovna"]
[Black "Derbentseva, Irina"]
[Result "0-1"]
[WhiteElo "2027"]
[BlackElo "2049"]
[PlyCount "120"]
[EventDate "2003.??.??"]
[EventType "swiss"]
[EventRounds "9"]
[EventCountry "RUS"]
[SourceTitle "EXT 2005"]
[Source "ChessBase"]
[SourceDate "2004.11.15"]
[SourceVersion "1"]
[SourceVersionDate "2004.11.15"]
[SourceQuality "1"]

1. d4 Nf6 2. c4 e6 3. Nc3 Bb4 4. e3 c5 5. Bd3 Bxc3+ 6. bxc3 Nc6 7. Ne2 d6 8. 0-0 e5 9. Bc2 0-0 10. e4 Qe7 11. f3 b6 12. Ba4 Na5 13. Qd3 Bd7 14. Bb5 a6 15. Bxd7 Qxd7 16. a4 cxd4 17. cxd4 Qc6 18. Ba3 Qxc4 19. Qxc4 Nxc4 20. dxe5 Nxa3 21. exf6 Nc4 22. fxg7 Rfc8 23. Rfd1 Kxg7 24. Nf4 Kf6 25. Nd5+ Ke5 26. Rab1 Rab8 27. Nb4 a5 28. Nd5 Rc5 29. Rd3 f5 30. Re1 fxe4 31. fxe4 Nb2 32. Ra3 Rc4 33. Nc3 Rbc8 34. Re3 R4c6 35. Rb3 Nc4 36. Rh3 Nd2 37. Rb5+ Rc5 38. Rxh7 Kd4 39. Rxc5 dxc5 40. Nb5+ Ke3 41. Rh3+ Kf4 42. Rh6 c4 43. Nc3 Ke5 44. Rh3 Nxe4 45. g4 Nxc3 46. Rxc3 Kd4 47. Rc1 c3 48. Kf2 c2 49. g5 Kc3 50. g6 Kb2 51. Rg1 c1Q 52. Rxc1 Kxc1 53. h4 b5 54. h5 Rg8 55. axb5 a4 56. b6 a3 57. h6 Rxg6 58. h7 Rf6+ 59. Kg2 Rf8 60. b7 a2 0-1